00555nam a2200157Ia 4500008004100000082001800041100001900059245004400078250000800122260004900130300001000179650002000189942001200209952016100221999001500382150201s2007 xx 000 0 und d a617.6bD2007B aBANSAL PARVEEN aDENTAL MATERIALS (QUESTIONS & ANSWERS ) a1ST bC.B.S PUBLISHERS & DISTRIBUTERSaDELHIc2007 a1-210 aDENTAL MATERIAL 2ddccBK 00102ddc4070aFDbFDd2008-01-09eDELHI BOOK STORE DELHIg175.00h1iSGTUl3o617.6 D2007BpFD4681r2026-05-14 00:00:00s2026-04-13w2012-10-12yBKk1550 c3789d3789